000 00340nam a2200121Ia 4500
008 240731s9999 xx 000 0 und d
022 _a1029-2454
245 0 _aBiofouling : The Journal of Bioadhesion and Biofilm Research
260 _bTaylor & Francis
856 _uhttps://www.tandfonline.com/loi/gbif20
942 _2ddc
942 _cTFEJ
999 _c75614
_d75614
945 _a1
_bMadushi Gamage
_c1
_dMadushi Gamage